Balanced Scorecard Erfolgsfaktoren und Praxisberichte

Saved in:
Bibliographic Details
Main Author: Greischel, Peter
Format: Book
Language:German
Published: München Verlag Vahlen 2003
Subjects:
Tags: Add Tag
No Tags, Be the first to tag this record!

MARC

LEADER 00000nam$a2200000$$$4500
001 0035964
005 20240315123124.5
020 |a 3-8006-2934-8 
041 0 |a ger 
044 |a DE 
245 1 0 |a Balanced Scorecard  |b Erfolgsfaktoren und Praxisberichte  |c herausgegeben von Peter Greischel 
264 1 |a München  |b Verlag Vahlen  |c 2003 
300 |a 205 s. 
610 2 0 |a riadenie podnikové 
610 2 0 |a stratégia podniková 
610 2 0 |a štúdie prípadové 
610 2 0 |a manažment 
610 2 0 |a Nemecko 
100 1 |a Greischel, Peter